00250nam a22000977a 4500040000800000082002700008100002900035245003800064260003200102300001800134 cDLC a FIR ACC 2019 C025 Or. aKingdom of Cambodia,2019 aAccelerting progress towards SDG2 aCAMBODIA bPhnom Penhc2019 aIV. 53Pe28CM